| 000 | 03089nam a22003257a 4500 | ||
|---|---|---|---|
| 005 | 20120207150421.0 | ||
| 010 | _aB-477891-899 | ||
| 020 |
_a9788126706983 _c150.00 |
||
| 035 | _aB-477891-899 | ||
| 037 | _bके.के. पब्लिकेशंस | ||
| 082 | _a520 | ||
| 100 |
_aमुऴे, गुणाकर _950168 |
||
| 245 |
_aनक्षत्र लोक / _cगुणाकर मुऴे |
||
| 260 |
_aनई दिल्ली _bराजकमल प्रकाशन _c2010 |
||
| 270 |
_a1-बी, नेताजी सुभाष मार्ग _bनई दिल्ली _e110002 |
||
| 300 |
_a101पृ. _c22सेमी (सजिल्द) _bसचित्र |
||
| 700 | _941026 | ||
| 942 |
_2ddc _cHN _mमुऴेगु _h520 |
||
| 999 |
_c62186 _d62186 |
||